UBT Library

Water chemistry : (Record no. 44559)

000 -LEADER
fixed length control field 00917cam a2200289 a 4500
001 - CONTROL NUMBER
control field 16116816
005 - DATE AND TIME OF LATEST TRANSACTION
control field 20180309044146.0
008 - FIXED-LENGTH DATA ELEMENTS--GENERAL INFORMATION
fixed length control field 100303s2011 fluab b 001 0 eng
010 ## - LIBRARY OF CONGRESS CONTROL NUMBER
LC control number 2010005215
015 ## - NATIONAL BIBLIOGRAPHY NUMBER
National bibliography number GBB056056
Source bnb
016 7# - NATIONAL BIBLIOGRAPHIC AGENCY CONTROL NUMBER
Record control number 015541463
Source Uk
020 ## - INTERNATIONAL STANDARD BOOK NUMBER
International Standard Book Number 9781439830680
020 ## - INTERNATIONAL STANDARD BOOK NUMBER
International Standard Book Number 1439830681
035 ## - SYSTEM CONTROL NUMBER
System control number (OCoLC)ocn449890470
040 ## - CATALOGING SOURCE
Original cataloging agency DLC
Transcribing agency DLC
Modifying agency YDX
-- BTCTA
-- UKM
-- YDXCP
-- CDX
-- BWX
-- ORX
-- AGL
-- DLC
041 ## - LANGUAGE CODE
Language code of text/sound track or separate title eng
070 0# - NATIONAL AGRICULTURAL LIBRARY CALL NUMBER
Classification number TD193
Item number .M362 2011
080 ## - UNIVERSAL DECIMAL CLASSIFICATION NUMBER
Universal Decimal Classification number 628
082 00 - DEWEY DECIMAL CLASSIFICATION NUMBER
Classification number 628 MAN
Edition number 22
100 1# - Rafti
Rafti 12
101 ## - Shkurtesa
Shkurtesa KIM
245 10 - TITLE STATEMENT
Title Water chemistry :
Statement of responsibility, etc Stanley E. Manahan.
504 ## - BIBLIOGRAPHY, ETC. NOTE
Bibliography, etc Includes bibliographical references and index.
906 ## - LOCAL DATA ELEMENT F, LDF (RLIN)
a 7
b cbc
c orignew
d 1
e ecip
f 20
g y-gencatlg
942 ## - ADDED ENTRY ELEMENTS (KOHA)
Source of classification or shelving scheme
Item type Books
Holdings
Withdrawn status Lost status Source of classification or shelving scheme Damaged status Not for loan Collection code Permanent location Current location Shelving location Date acquired Total Checkouts Full call number Barcode Date last seen Price effective from Koha item type
          Koleksioni i përgjithshem UBT - Lipjan UBT - Lipjan Koleksioni i përgjithshem 03/09/2018   628 MAN 002-3001503 03/09/2018 03/09/2018 Books
UBT Library © 2015-2024. All rights reserved University Education for Business and Technology